| 000 | 00590nam a2200181Ia 4500 | ||
|---|---|---|---|
| 008 | 090124s9999 xx 000 0 und d | ||
| 082 | _b109017 | ||
| 100 | _aकोल्हटकर बाळ. | ||
| 245 | _a दुरितांचे तिमिर जावो | ||
| 250 | _a1 | ||
| 260 | _c1961 | ||
| 300 | _a96 | ||
| 600 | _aकोल्हटकर बाळ. | ||
| 630 | _a दुरितांचे तिमिर जावो | ||
| 700 | _aकोल्हटकर बाळ. | ||
| 730 | _a दुरितांचे तिमिर जावो | ||
| 942 | _cBOOK | ||
| 999 |
_c155108 _d155108 |
||